[Event "Verbandsliga Suedbaden 1819"]
[Site "Baden"]
[Date "2019.03.31"]
[Round "8.3"]
[White "Kiefer, Gerhard"]
[Black "Grunau, Christoph"]
[Result "1-0"]
[WhiteElo "2296"]
[BlackElo "2235"]
[PlyCount "59"]
[EventDate "2018.10.14"]
[EventType "team-tourn"]
[EventRounds "9"]
[EventCountry "GER"]
[SourceTitle "EXT 2020"]
[Source "ChessBase"]
[SourceDate "2019.10.17"]
[SourceVersion "1"]
[SourceVersionDate "2019.10.17"]
[SourceQuality "1"]
[WhiteTeam "Emmendingen II"]
[BlackTeam "Heitersheim"]
[WhiteTeamCountry "GER"]
[BlackTeamCountry "GER"]

1. e4 d5 2. exd5 Qxd5 3. Nc3 Qd8 4. d4 Nf6 5. Nf3 g6 6. h3 Bg7 7. Bc4 0-0 8. 0-0 a6 9. a4 Nc6 10. Re1 e6 11. Bg5 h6 12. Be3 Nd5 13. Nxd5 exd5 14. Bf1 Qd6 15. c3 a5 16. Qd2 g5 17. h4 f5 18. Qc2 f4 19. Bd2 g4 20. Nh2 Qf6 21. Bd3 Qxh4 22. Bxf4 Rxf4 23. g3 Qh5 24. gxf4 Bd7 25. Bg6 Qh3 26. Re3 Qh4 27. Bf5 Bxf5 28. Qxf5 h5 29. Rae1 Rf8 30. Re8 1-0

[Event "Verbandsliga Suedbaden 1819"]
[Site "Baden"]
[Date "2019.01.13"]
[Round "4.3"]
[White "Steiger, Wolfgang"]
[Black "Grunau, Christoph"]
[Result "1/2-1/2"]
[WhiteElo "2271"]
[BlackElo "2235"]
[PlyCount "99"]
[EventDate "2018.10.14"]
[EventType "team-tourn"]
[EventRounds "9"]
[EventCountry "GER"]
[SourceTitle "EXT 2020"]
[Source "ChessBase"]
[SourceDate "2019.10.17"]
[SourceVersion "1"]
[SourceVersionDate "2019.10.17"]
[SourceQuality "1"]
[WhiteTeam "Gottmadingen"]
[BlackTeam "Heitersheim"]
[WhiteTeamCountry "GER"]
[BlackTeamCountry "GER"]

1. c4 e6 2. Nf3 f5 3. g3 Nf6 4. Bg2 Be7 5. b3 0-0 6. Bb2 b6 7. Ne5 c6 8. 0-0 Bb7 9. d4 Qc8 10. Nc3 d6 11. Nd3 b5 12. e4 bxc4 13. bxc4 Nbd7 14. Re1 Re8 15. Bh3 g6 16. d5 cxd5 17. cxd5 exd5 18. exd5 Nb6 19. Rc1 Qd7 20. Nf4 Nc4 21. Ba1 Ne5 22. Bf1 Rec8 23. Nd3 Nfg4 24. Nxe5 Nxe5 25. f4 Ng4 26. h3 Nf6 27. Bb5 Qd8 28. Kh2 Bf8 29. Bc6 Rab8 30. Rb1 Bxc6 31. Rxb8 Rxb8 32. dxc6 Qb6 33. Qf3 Qc5 34. Na4 Qc2+ 35. Re2 Qxa4 36. Bxf6 Qd1 37. Qe3 Qd5 38. Rb2 Rc8 39. Rc2 Kf7 40. Ba1 Rxc6 41. Qxa7+ Kg8 42. Rxc6 Qxc6 43. Qf2 Bg7 44. Bxg7 Kxg7 45. g4 Qe4 46. gxf5 Qxf5 47. Qd4+ Kf7 48. Qxd6 Qc2+ 49. Kg3 Qxa2 50. Qd7+ 1/2-1/2

[Event "Verbandsliga Suedbaden 1617"]
[Site "Baden"]
[Date "2017.03.12"]
[Round "7.1"]
[White "Ruff, Maximilian"]
[Black "Grunau, Christoph"]
[Result "1-0"]
[WhiteElo "2211"]
[BlackElo "2239"]
[PlyCount "55"]
[EventDate "2016.10.09"]
[EventType "team-tourn"]
[EventRounds "9"]
[EventCountry "GER"]
[SourceTitle "EXT 2022"]
[Source "ChessBase"]
[SourceDate "2021.10.06"]
[SourceVersion "1"]
[SourceVersionDate "2021.10.06"]
[SourceQuality "1"]
[WhiteTeam "Sasbach"]
[BlackTeam "Heitersheim"]
[WhiteTeamCountry "GER"]
[BlackTeamCountry "GER"]

1. d4 g6 2. e4 c6 3. c4 Bg7 4. Nc3 d6 5. Be3 f5 6. exf5 Bxf5 7. Nge2 Nh6 8. Qd2 Nf7 9. Ng3 Bc8 10. h4 e6 11. h5 g5 12. h6 Bf8 13. Nce4 Rg8 14. d5 cxd5 15. cxd5 exd5 16. Qxd5 Rg6 17. Be2 g4 18. Rh5 Nc6 19. Kf1 Be6 20. Qd2 Qd7 21. Ng5 Nxg5 22. Bxg5 d5 23. Bd3 Rxg5 24. Qxg5 Be7 25. Qg7 0-0-0 26. Re1 Rf8 27. Rxe6 Qxe6 28. Qxf8+ 1-0

[Event "Verbandsliga Suedbaden 1617"]
[Site "Baden"]
[Date "2017.02.12"]
[Round "6.2"]
[White "Metz, Hartmut"]
[Black "Grunau, Christoph"]
[Result "1-0"]
[WhiteElo "2284"]
[BlackElo "2239"]
[PlyCount "109"]
[EventDate "2016.10.09"]
[EventType "team-tourn"]
[EventRounds "9"]
[EventCountry "GER"]
[SourceTitle "EXT 2022"]
[Source "ChessBase"]
[SourceDate "2021.10.06"]
[SourceVersion "1"]
[SourceVersionDate "2021.10.06"]
[SourceQuality "1"]
[WhiteTeam "Kuppenheim"]
[BlackTeam "Heitersheim"]
[WhiteTeamCountry "GER"]
[BlackTeamCountry "GER"]

1. d4 Nf6 2. c4 d6 3. Nc3 e5 4. Nf3 Nbd7 5. Bg5 c6 6. e3 Be7 7. Qc2 Ng8 8. Bxe7 Qxe7 9. 0-0-0 Ngf6 10. Bd3 0-0 11. h4 Re8 12. Ng5 h6 13. Nh3 Nb6 14. Kb1 Be6 15. Na4 Nxa4 16. Qxa4 Bg4 17. f3 Bxh3 18. Rxh3 exd4 19. exd4 Nh5 20. Qc2 Nf4 21. Rhh1 Qf6 22. Qf2 Re7 23. g3 Nxd3 24. Rxd3 Qg6 25. Rhd1 Rae8 26. Kc1 Re2 27. Qg1 Qe6 28. Rc3 Qh3 29. f4 Rg2 30. Re3 Rxe3 31. Qxe3 Qxg3 32. Qe8+ Kh7 33. Qxf7 Qg6 34. Qxg6+ Kxg6 35. d5 c5 36. Re1 Kf7 37. Re6 Rg6 38. f5 Rg4 39. b3 Rxh4 40. Rxd6 Rd4 41. Rd7+ Kf6 42. Rxb7 h5 43. Rxa7 h4 44. Ra8 Kxf5 45. a4 g5 46. Rf8+ Kg4 47. a5 Rf4 48. Rxf4+ gxf4 49. d6 h3 50. d7 h2 51. d8Q h1Q+ 52. Qd1+ Qxd1+ 53. Kxd1 Kg3 54. a6 f3 55. a7 1-0

[Event "Verbandsliga Suedbaden 1516"]
[Site "Baden"]
[Date "2015.11.22"]
[Round "3.1"]
[White "Grunau, Christoph"]
[Black "Schlindwein, Rolf"]
[Result "0-1"]
[WhiteElo "2194"]
[BlackElo "2410"]
[PlyCount "132"]
[EventDate "2015.09.27"]
[EventType "team-tourn"]
[EventRounds "9"]
[EventCountry "GER"]
[SourceTitle "EXT 2022"]
[Source "ChessBase"]
[SourceDate "2021.10.06"]
[SourceVersion "1"]
[SourceVersionDate "2021.10.06"]
[SourceQuality "1"]
[WhiteTeam "Heitersheim"]
[BlackTeam "Baden Baden IV"]
[WhiteTeamCountry "GER"]
[BlackTeamCountry "GER"]

1. e4 e5 2. Nf3 Nc6 3. Be2 Nf6 4. d3 d5 5. Nbd2 Bc5 6. 0-0 0-0 7. a3 a5 8. b3 dxe4 9. dxe4 Bg4 10. Bb2 Qe7 11. c3 Rfd8 12. h3 Bxh3 13. gxh3 Nxe4 14. Nxe4 Rxd1 15. Rfxd1 h6 16. Nxc5 Qxc5 17. b4 Qe7 18. b5 Nd8 19. Rd5 e4 20. Re5 Qf6 21. Re8+ Kh7 22. Ne5 Qg5+ 23. Kf1 Qd2 24. Nc4 Qd7 25. Rxe4 Qxh3+ 26. Kg1 Ne6 27. Ne5 Qf5 28. Re1 Nf4 29. Bg4 Nh3+ 30. Bxh3 Qxh3 31. Nxf7 Rf8 32. Ne5 Rf5 33. R1e3 Rg5+ 34. Rg3 Rxg3+ 35. fxg3 Qxg3+ 36. Kf1 Qh3+ 37. Kg1 h5 38. c4 Qb3 39. Re2 h4 40. Nf7 h3 41. Kh2 Qxc4 42. Rf2 Qc5 43. Kg3 Qe3+ 44. Rf3 Qe2 45. Rf2 Qd3+ 46. Kh4 Qxb5 47. Ng5+ Kh6 48. Nf7+ Kg6 49. Ne5+ Kh7 50. Kxh3 Qb3+ 51. Kh4 b5 52. Kg5 Qe3+ 53. Rf4 Qd2 54. Bd4 b4 55. axb4 axb4 56. Nc4 Qg2+ 57. Rg4 Qd5+ 58. Be5 c5 59. Kh4 Qd8+ 60. Kh3 g5 61. Nd6 Qe7 62. Ne4 Kg6 63. Bf6 Qd7 64. Nxc5 Qh7+ 65. Kg3 Kxf6 66. Rxb4 Qc7+ 0-1

[Event "Verbandsliga Suedbaden 1516"]
[Site "Baden"]
[Date "2015.10.25"]
[Round "2.1"]
[White "Ruff, Maximilian"]
[Black "Grunau, Christoph"]
[Result "0-1"]
[WhiteElo "2318"]
[BlackElo "2194"]
[PlyCount "106"]
[EventDate "2015.09.27"]
[EventType "team-tourn"]
[EventRounds "9"]
[EventCountry "GER"]
[SourceTitle "EXT 2022"]
[Source "ChessBase"]
[SourceDate "2021.10.06"]
[SourceVersion "1"]
[SourceVersionDate "2021.10.06"]
[SourceQuality "1"]
[WhiteTeam "Sasbach"]
[BlackTeam "Heitersheim"]
[WhiteTeamCountry "GER"]
[BlackTeamCountry "GER"]

1. d4 Nf6 2. c4 d6 3. Nc3 e5 4. d5 Be7 5. e4 Nbd7 6. Bd3 0-0 7. Nge2 Nc5 8. Bc2 a5 9. h3 Nfd7 10. g4 Bg5 11. Ng3 Nb6 12. Qe2 Bxc1 13. Rxc1 Qh4 14. Nb5 Na6 15. Bb1 Bd7 16. Nf5 Qg5 17. Rc3 Na4 18. Re3 g6 19. Ng3 Kg7 20. Kf1 Nb6 21. Rc3 Rh8 22. Rg1 Qh4 23. Rh1 Nc8 24. Qd2 Ne7 25. Kg2 Ng8 26. f4 Nf6 27. Rf3 h5 28. fxe5 dxe5 29. gxh5 Nxh5 30. Nxh5+ Rxh5 31. Qf2 Qxf2+ 32. Kxf2 Rah8 33. Kg2 g5 34. Rg3 g4 35. Bd3 Rxh3 36. Rhxh3 Rxh3 37. Rxh3 gxh3+ 38. Kh2 Kf6 39. Bf1 Bxb5 40. cxb5 Nc5 41. Kxh3 Nxe4 42. Kg4 Nd6 43. a4 Kg6 44. b4 f5+ 45. Kg3 b6 46. bxa5 bxa5 47. Kf3 Kf6 48. Ke3 Nc8 49. Bc4 Nb6 50. Bb3 Ke7 51. Ke2 Kd6 52. Bc2 e4 53. Ke3 Ke5 0-1

[Event "GER-chT Lands U20"]
[Site "Hannover"]
[Date "2015.10.04"]
[Round "2.2"]
[White "Grunau, Christoph"]
[Black "Urban, Konstantin"]
[Result "1-0"]
[WhiteElo "2187"]
[BlackElo "2122"]
[PlyCount "67"]
[EventDate "2015.10.03"]
[EventType "team-swiss"]
[EventRounds "7"]
[EventCountry "GER"]
[SourceTitle "CBM 168 Extra"]
[Source "ChessBase"]
[SourceDate "2015.10.29"]
[SourceVersion "1"]
[SourceVersionDate "2015.10.29"]
[SourceQuality "1"]
[WhiteTeam "Baden (U20) II"]
[BlackTeam "Sachsen (U20)"]
[WhiteTeamCountry "GER"]
[BlackTeamCountry "GER"]

1. e4 c5 2. Nf3 Nc6 3. d3 g6 4. g3 Bg7 5. Bg2 e6 6. 0-0 Nge7 7. c3 d5 8. Re1 0-0 9. e5 b6 10. Bf4 a5 11. Na3 Ba6 12. Nc2 Qc7 13. Rc1 Rfc8 14. Ne3 Nxe5 15. Bxe5 Bxe5 16. Nxe5 Qxe5 17. Nxd5 Qd6 18. Nxe7+ Qxe7 19. Bxa8 Rxa8 20. Re3 Rd8 21. Qf3 Qd7 22. Rd1 Bb7 23. Qf6 Rb8 24. b3 a4 25. c4 b5 26. Rde1 Ra8 27. Qb2 b4 28. a3 axb3 29. axb4 Qc6 30. f3 Qa4 31. bxc5 Qb4 32. d4 Ra3 33. Qc3 Qa4 34. d5 1-0

[Event "GER-chT Lands U20"]
[Site "Hannover"]
[Date "2015.10.03"]
[Round "1.2"]
[White "Ruff, Maximilian"]
[Black "Grunau, Christoph"]
[Result "0-1"]
[WhiteElo "2265"]
[BlackElo "2187"]
[PlyCount "82"]
[EventDate "2015.10.03"]
[EventType "team-swiss"]
[EventRounds "7"]
[EventCountry "GER"]
[SourceTitle "CBM 168 Extra"]
[Source "ChessBase"]
[SourceDate "2015.10.29"]
[SourceVersion "1"]
[SourceVersionDate "2015.10.29"]
[SourceQuality "1"]
[WhiteTeam "Baden (U20)"]
[BlackTeam "Baden (U20) II"]
[WhiteTeamCountry "GER"]
[BlackTeamCountry "GER"]

1. d4 d6 2. c4 e5 3. d5 f5 4. e4 Nf6 5. exf5 Bxf5 6. Nc3 c6 7. Nge2 Nbd7 8. Ng3 Bg6 9. Bd3 Bf7 10. 0-0 Be7 11. Nf5 0-0 12. Bg5 cxd5 13. cxd5 h6 14. Bh4 Nb6 15. Bc2 Kh8 16. Qd3 Bg8 17. Rad1 Bh7 18. Qh3 Qd7 19. Bb1 g5 20. Nxe7 Qxh3 21. gxh3 gxh4 22. Bxh7 Kxh7 23. Nf5 Rad8 24. Nxh4 Nh5 25. Ng2 Rf3 26. Ne4 Rxh3 27. f4 Nc4 28. b3 Ne3 29. Rd3 Rg8 30. Rf2 Nxg2 31. Rxh3 Ngxf4+ 32. Rg3 Nxg3 33. Nf6+ Kg7 34. Nxg8 Nh3+ 35. Kg2 Nxf2 36. Ne7 Nge4 37. Kf3 Kf6 38. Ng8+ Kg5 39. h4+ Kg6 40. a3 Nf6 41. h5+ Kg7 0-1

[Event "GER-chT Lands U20"]
[Site "Hannover"]
[Date "2014.10.07"]
[Round "7.3"]
[White "Klek, Hanna Marie"]
[Black "Grunau, Christoph"]
[Result "1/2-1/2"]
[WhiteElo "2225"]
[BlackElo "2126"]
[PlyCount "76"]
[EventDate "2014.10.03"]
[EventType "team-swiss"]
[EventRounds "7"]
[EventCountry "GER"]
[SourceTitle "CBM 162 Extra"]
[Source "ChessBase"]
[SourceDate "2014.10.17"]
[SourceVersion "1"]
[SourceVersionDate "2014.10.17"]
[SourceQuality "1"]
[WhiteTeam "Bayern"]
[BlackTeam "Baden"]
[WhiteTeamCountry "GER"]
[BlackTeamCountry "GER"]

1. e4 d6 2. d4 Nf6 3. Nc3 e5 4. Nf3 Nbd7 5. Bc4 Be7 6. 0-0 0-0 7. Re1 a6 8. a4 b6 9. b4 c6 10. Ba2 Bb7 11. Bb2 b5 12. axb5 axb5 13. Nb1 d5 14. exd5 Nxd5 15. dxe5 Bxb4 16. c3 Ba5 17. Qc2 Re8 18. Nbd2 Bc7 19. Bb1 g6 20. Rxa8 Bxa8 21. c4 Nf4 22. Qc3 Ne6 23. Rd1 Ndc5 24. Qc2 Qb8 25. h4 b4 26. Nf1 Rd8 27. h5 Rxd1 28. Qxd1 Qd8 29. Qe1 b3 30. hxg6 hxg6 31. Qe3 Qd1 32. N3d2 Ba5 33. Be4 Bxd2 34. Qxd2 Qxd2 35. Nxd2 Nxe4 36. Nxe4 Bb7 37. Nd2 Ba6 38. Nxb3 Bxc4 1/2-1/2

[Event "GER-chT Lands U20"]
[Site "Hannover"]
[Date "2014.10.03"]
[Round "1.3"]
[White "Boes, Julian"]
[Black "Grunau, Christoph"]
[Result "1/2-1/2"]
[WhiteElo "1845"]
[BlackElo "2126"]
[PlyCount "81"]
[EventDate "2014.10.03"]
[EventType "team-swiss"]
[EventRounds "7"]
[EventCountry "GER"]
[SourceTitle "CBM 162 Extra"]
[Source "ChessBase"]
[SourceDate "2014.10.17"]
[SourceVersion "1"]
[SourceVersionDate "2014.10.17"]
[SourceQuality "1"]
[WhiteTeam "Baden II"]
[BlackTeam "Baden"]
[WhiteTeamCountry "GER"]
[BlackTeamCountry "GER"]

1. d4 Nf6 2. Nf3 e6 3. Bf4 b6 4. Nbd2 Bb7 5. e3 Be7 6. Bd3 Nh5 7. Bg3 d6 8. c3 Nd7 9. Qc2 g6 10. b4 0-0 11. 0-0 Re8 12. a4 f5 13. Bc4 Bf6 14. Qa2 Qe7 15. Ne1 Kh8 16. Be2 Nxg3 17. hxg3 e5 18. Bf3 e4 19. Be2 a5 20. b5 h5 21. Nc2 Bg5 22. Rfc1 Bh6 23. Kf1 h4 24. gxh4 Qxh4 25. Ke1 f4 26. Nf1 Re7 27. Qc4 fxe3 28. Ncxe3 Nf6 29. g3 Qg5 30. Bd1 Rf8 31. Rc2 Bc8 32. Rb1 Ng4 33. Bxg4 Bxg4 34. Rbb2 Bh3 35. Qe2 Ref7 36. Qd1 Bxf1 37. Nxf1 e3 38. f4 Qd5 39. Re2 g5 40. Nxe3 Qh1+ 41. Kd2 1/2-1/2

[Event "Wch U16"]
[Site "Al Ain"]
[Date "2013.12.26"]
[Round "9"]
[White "Ostapchik, Anton"]
[Black "Grunau, Christoph"]
[Result "0-1"]
[WhiteElo "1897"]
[BlackElo "2066"]
[PlyCount "78"]
[EventDate "2013.12.18"]
[EventType "swiss"]
[EventRounds "11"]
[EventCountry "UAE"]
[SourceTitle "CBM 158 Extra"]
[Source "ChessBase"]
[SourceDate "2014.02.28"]
[SourceVersion "1"]
[SourceVersionDate "2014.02.28"]
[SourceQuality "1"]

1. e4 c5 2. d4 cxd4 3. c3 Nf6 4. e5 Nd5 5. Nf3 Nc6 6. Bc4 e6 7. Bxd5 exd5 8. 0-0 d6 9. Bg5 Qb6 10. cxd4 Qxb2 11. Nbd2 dxe5 12. dxe5 h6 13. Be3 Be7 14. Nb3 0-0 15. Qxd5 Bf5 16. Qb5 Rab8 17. Nfd4 a6 18. Qb6 Nxd4 19. Bxd4 Qe2 20. Qc7 Ba3 21. Rfe1 Qb5 22. Qa5 Qxa5 23. Nxa5 Bb4 24. Nc4 Bxe1 25. Rxe1 Be6 26. Nd6 Bxa2 27. Ba7 Ra8 28. Bb6 Bd5 29. f4 a5 30. f5 Ra6 31. Bc7 a4 32. e6 fxe6 33. fxe6 Bxe6 34. Rxe6 a3 35. Re1 a2 36. Ra1 Rf4 37. Nb5 Rb4 38. Nc3 Rc6 39. Be5 Rb1+ 0-1

[Event "Wch U16"]
[Site "Al Ain"]
[Date "2013.12.21"]
[Round "5"]
[White "Grunau, Christoph"]
[Black "Abbas, Hussein Kzar"]
[Result "1/2-1/2"]
[WhiteElo "2066"]
[BlackElo "1754"]
[PlyCount "86"]
[EventDate "2013.12.18"]
[EventType "swiss"]
[EventRounds "11"]
[EventCountry "UAE"]
[SourceTitle "CBM 158 Extra"]
[Source "ChessBase"]
[SourceDate "2014.02.28"]
[SourceVersion "1"]
[SourceVersionDate "2014.02.28"]
[SourceQuality "1"]

1. e4 d6 2. d4 Nf6 3. Nc3 g6 4. Nf3 Bg7 5. Be2 c6 6. a4 0-0 7. 0-0 Nbd7 8. a5 e5 9. dxe5 dxe5 10. Bc4 Qc7 11. Qe2 h6 12. Rd1 Nc5 13. b4 Ne6 14. Bxe6 Bxe6 15. Be3 b6 16. h3 Nh5 17. Nd2 Nf4 18. Qf1 Rfd8 19. axb6 axb6 20. Nc4 Rxa1 21. Rxa1 Rb8 22. Ra6 Qe7 23. Rxb6 Rxb6 24. Nxb6 Qxb4 25. Nba4 Bf8 26. Qa6 Qc4 27. Qxc4 Bxc4 28. Bc5 Bg7 29. Nb2 Ba6 30. Bd6 f6 31. Nba4 Ne6 32. Nc5 Nxc5 33. Bxc5 Kf7 34. f3 f5 35. g3 Ke6 36. Kf2 Bf6 37. Bf8 h5 38. exf5+ gxf5 39. g4 hxg4 40. hxg4 Bh4+ 41. Ke3 Bg5+ 42. Kf2 Bh4+ 43. Ke3 Bg5+ 1/2-1/2

[Event "GER-ch U16"]
[Site "Oberhof"]
[Date "2013.05.19"]
[Round "2"]
[White "Grunau, Christoph"]
[Black "Bingert, Tim Niklas"]
[Result "1-0"]
[WhiteElo "2036"]
[BlackElo "2020"]
[PlyCount "119"]
[EventDate "2013.05.19"]
[EventType "swiss"]
[EventRounds "9"]
[EventCountry "GER"]
[SourceTitle "CBM 154 Extra"]
[Source "ChessBase"]
[SourceDate "2013.06.25"]
[SourceVersion "2"]
[SourceVersionDate "2013.06.25"]
[SourceQuality "1"]

1. e4 c5 2. Nf3 Nc6 3. Bb5 e6 4. 0-0 Nge7 5. Re1 a6 6. Bf1 b5 7. a4 b4 8. e5 Bb7 9. d3 d6 10. exd6 Qxd6 11. Nbd2 Nd5 12. Ne4 Qc7 13. g3 Be7 14. Bh3 0-0 15. Bg5 Nd4 16. Bxe7 Nxf3+ 17. Qxf3 Qxe7 18. Qe2 Rfd8 19. Nd2 Qf6 20. Nc4 Rac8 21. Bg2 h6 22. Qe5 Qxe5 23. Rxe5 Rc7 24. Rae1 Bc6 25. b3 Ba8 26. f4 Ne7 27. Bxa8 Rxa8 28. g4 g6 29. Kf2 Rd8 30. Nd2 Rd4 31. R1e4 Rd5 32. Rc4 g5 33. Ne4 gxf4 34. Nf6+ Kf8 35. Nxd5 exd5 36. Rxf4 Ng6 37. Ref5 Nxf4 38. Rxf4 Ke7 39. Ke3 Rc6 40. Rf5 Rd6 41. Re5+ Kd7 42. h4 Rg6 43. Rxd5+ Ke6 44. Rh5 Rxg4 45. Rxh6+ Kd5 46. Rxa6 Rxh4 47. Rf6 Rh5 48. Rf2 Rh3+ 49. Kd2 Ke6 50. c3 f5 51. cxb4 cxb4 52. Rf4 Rh2+ 53. Ke3 Rh3+ 54. Kd4 Rg3 55. a5 Rg7 56. Kc5 Ke5 57. Rxb4 f4 58. Re4+ Kf5 59. Re1 f3 60. a6 1-0

[Event "Baden-ch op U2000 "]
[Site "Emmendingen"]
[Date "2012.06.08"]
[Round "3"]
[White "Kaspereit, Holger"]
[Black "Grunau, Christoph"]
[Result "1/2-1/2"]
[WhiteElo "2094"]
[BlackElo "1927"]
[PlyCount "71"]
[EventDate "2012.06.07"]
[EventType "swiss"]
[EventRounds "7"]
[EventCountry "GER"]
[SourceTitle "EXT 2013"]
[Source "ChessBase"]
[SourceDate "2012.11.22"]
[SourceVersion "1"]
[SourceVersionDate "2012.11.22"]
[SourceQuality "1"]

1. c4 c5 2. g3 g6 3. Bg2 Bg7 4. Nc3 Nc6 5. a3 Nf6 6. Rb1 a5 7. e4 0-0 8. Nge2 d6 9. d3 Ne8 10. 0-0 Nc7 11. f4 Ne6 12. Nb5 Ned4 13. Nbxd4 Nxd4 14. h3 Bd7 15. Be3 Nxe2+ 16. Qxe2 a4 17. e5 Qc8 18. Kh2 dxe5 19. fxe5 Bc6 20. Bxc6 Qxc6 21. Bd2 Ra6 22. Bc3 Qc7 23. Rf3 Re6 24. Re3 Qc6 25. Re1 b5 26. Qg2 Qb6 27. cxb5 Qxb5 28. Qd5 Qb6 29. Qc4 Qc6 30. Re4 Rd8 31. Qxa4 Rxd3 32. Qxc6 Rxc6 33. Ra4 h5 34. Ra8+ Kh7 35. Ra7 Re6 36. Rf1 1/2-1/2

[Event "GER-ch U14"]
[Site "Oberhof"]
[Date "2012.05.27"]
[Round "1"]
[White "Berkov, Mikhail"]
[Black "Grunau, Christoph"]
[Result "0-1"]
[WhiteElo "1713"]
[BlackElo "1976"]
[PlyCount "166"]
[EventDate "2012.05.27"]
[EventType "swiss"]
[EventRounds "9"]
[EventCountry "GER"]
[SourceTitle "CBM 148 Extra"]
[Source "ChessBase"]
[SourceDate "2012.06.22"]
[SourceVersion "1"]
[SourceVersionDate "2012.06.22"]
[SourceQuality "1"]

1. e4 c5 2. Nf3 d6 3. c3 Nf6 4. Be2 e6 5. Qc2 Be7 6. d4 cxd4 7. cxd4 0-0 8. 0-0 Nc6 9. Nc3 Bd7 10. Be3 Rc8 11. Rac1 Ng4 12. Qd2 Nxe3 13. Qxe3 a6 14. d5 Ne5 15. Nxe5 dxe5 16. dxe6 Bxe6 17. Rfd1 Qa5 18. a3 Bc5 19. Qg3 Bd4 20. h3 Rc6 21. Bg4 Bxg4 22. hxg4 Rfc8 23. Rd3 f6 24. g5 fxg5 25. Qxg5 Rf8 26. Rf1 Qb6 27. Qd2 Rcf6 28. Nd1 Rf4 29. Qe2 Qg6 30. Re1 Rh4 31. Rxd4 exd4 32. Qc4+ Qf7 33. Qxd4 Qh5 34. Qd5+ Qxd5 35. exd5 Rd4 36. Nc3 Rd2 37. f3 Rxb2 38. d6 Rd2 39. Ne4 Rd5 40. Rc1 h6 41. Rc7 Rf7 42. Rc8+ Kh7 43. Re8 Kg6 44. Re6+ Kh7 45. Re8 Rd7 46. Re6 Kg8 47. Re8+ Kf7 48. Rc8 Ra5 49. Rc7 Ke8 50. Rc8+ Kf7 51. Rc7 Ke6 52. Nc5+ Rxc5 53. Rxc5 Kxd6 54. Rc3 Rc7 55. Rb3 b5 56. Kf2 Rc2+ 57. Kg3 Kc5 58. Re3 Ra2 59. f4 Kd4 60. Rf3 Rc2 61. Rf1 Rc3+ 62. Kg4 Rxa3 63. Rd1+ Ke4 64. Re1+ Kd5 65. Re7 Rc3 66. Ra7 Rc6 67. Rxg7 b4 68. f5 b3 69. Kh5 Rb6 70. Rg6 Rb5 71. f6 Ke6+ 72. Kxh6 b2 73. Kg7 Rg5 74. Rxg5 b1Q 75. Rg6 Qf5 76. g4 Qe5 77. g5 Kf5 78. Kh7 Qh2+ 79. Kg7 Qh5 80. f7 Qxg6+ 81. Kh8 Qxf7 82. g6 Qf8+ 83. Kh7 Kf6 0-1

[Event "Baden-ch U14"]
[Site "Karlsruhe Durlach"]
[Date "2012.01.05"]
[Round "7"]
[White "Grunau, Christoph"]
[Black "Bykov, Ilya"]
[Result "1-0"]
[WhiteElo "1868"]
[BlackElo "1632"]
[PlyCount "69"]
[EventDate "2012.01.02"]
[EventType "swiss"]
[EventRounds "7"]
[EventCountry "GER"]
[SourceTitle "EXT 2015"]
[Source "ChessBase"]
[SourceDate "2014.11.20"]
[SourceVersion "1"]
[SourceVersionDate "2014.11.20"]
[SourceQuality "1"]

1. e4 Nf6 2. e5 Nd5 3. c4 Nb6 4. d4 d6 5. f4 g6 6. Nc3 Bg7 7. Be3 0-0 8. c5 N6d7 9. Nf3 b6 10. cxd6 exd6 11. h4 dxe5 12. dxe5 Ba6 13. Qa4 Bxf1 14. Kxf1 c6 15. h5 g5 16. h6 Bh8 17. Nxg5 Nc5 18. Bxc5 Qd3+ 19. Kf2 bxc5 20. Qe4 Qd4+ 21. Kf3 Qxe4+ 22. Ngxe4 Nd7 23. Na4 f6 24. e6 f5 25. exd7 fxe4+ 26. Kxe4 Rf7 27. Rhd1 Re7+ 28. Kf3 Rd8 29. Nxc5 Bxb2 30. Rab1 Ba3 31. Ne4 Kf7 32. Rb3 Rxe4 33. Kxe4 Bf8 34. Rc3 c5 35. Ra3 1-0